Which of these are real countries - Sudden Death! - Statistics

General Stats
  • This quiz has been taken 82 times
  • The average score is 10 of 13
Answers on the Grid
Answers color-coded by a green-red scale on the quiz's grid according to % correct below.
Anderland
Bienan
Colombia
Danish
Estonia
Fiji
Gratiestan
Haiti
Ineland
Jorpan
Kyrgyzstan
Liechtenstein
Malaco
North Macedonia
Oman
Pakistan
Qatar
Republic of de Congo
South Afreca
Turkiye
Ulaanbaatar
Vanuatu
Wales
Xinan
Yeman
Zimbabwe
 
Answer Stats
Answer % Correct
Estonia
87%
Haiti
87%
Pakistan
85%
Colombia
84%
Fiji
82%
Oman
82%
Liechtenstein
78%
Qatar
78%
Kyrgyzstan
75%
North Macedonia
75%
Zimbabwe
53%
Vanuatu
51%
Turkiye
40%
No matching quizzes found
Score Distribution
Percent of People with Each Score
Percentile by Number Answered
Your Score History
You have not taken this quiz